|
|
|
|
| LEADER |
01028nam a2200325 4500 |
| 001 |
DLU090097201 |
| 005 |
##20091201 |
| 040 |
# |
# |
|a DLU
|b eng
|
| 041 |
# |
# |
|a eng
|
| 044 |
# |
# |
|a us
|
| 100 |
# |
# |
|a Zarrine-Afsar, Arash.
|
| 245 |
# |
# |
|a Use of capillary electrophoresis and endogenous fluorescent substrate to monitor intracellular activation of protein kinase A /
|c Arash Zarrine-Afsar, Sergey N. Krylov.
|
| 653 |
# |
# |
|a Biological marker
|
| 653 |
# |
# |
|a Capillary electrophoresis
|
| 653 |
# |
# |
|a Enzyme
|
| 653 |
# |
# |
|a Fluorescent tracer
|
| 653 |
# |
# |
|a Intracellular phase
|
| 653 |
# |
# |
|a Protein kinase
|
| 653 |
# |
# |
|a Transferases
|
| 700 |
# |
# |
|a Krylov, Sergey N.
|
| 773 |
# |
# |
|t Analytical Chemistry
|g Vol. 75, no. 15 (August 2003), p. 3720-3724
|
| 920 |
# |
# |
|a Phòng Tạp chí -- Trung tâm Thông tin - Thư viện Trường Đại học Đà Lạt
|
| 994 |
# |
# |
|a DLU
|
| 900 |
# |
# |
|a True
|
| 911 |
# |
# |
|a Trương Bảo Trâm Anh
|
| 925 |
# |
# |
|a G
|
| 926 |
# |
# |
|a A
|
| 927 |
# |
# |
|a BB
|
| 980 |
# |
# |
|a Thư viện Trường Đại học Đà Lạt
|